Alternativní pracovní úvazky

Čo sú to alterantívne pracovné úväzky a v čom spočívajú ich výhody a nevýhody. Skrátený pracovný úväzok. Pružná pracovná doba. Iné typy alternatívnych pracovných úväzkov.

Gespeichert in:
Bibliographische Detailangaben
1. Verfasser: Lužaić, Ana
Format: Buchkapitel
Sprache:Tschechisch
Schlagworte:
Tags: Tag hinzufügen
Keine Tags, Fügen Sie das erste Tag hinzu!

MARC

LEADER 00000naa$a2200000$$$4500
001 0079333
005 20231113131340.8
041 0 |a cze 
044 |a CZ 
245 1 0 |a Alternativní pracovní úvazky  |c Ana Lužaić 
520 |a Čo sú to alterantívne pracovné úväzky a v čom spočívajú ich výhody a nevýhody. Skrátený pracovný úväzok. Pružná pracovná doba. Iné typy alternatívnych pracovných úväzkov. 
610 2 0 |a čas pracovný 
610 2 0 |a čas pracovný pohyblivý 
610 2 0 |a doba pracovná 
100 1 |a Lužaić, Ana